Geography of South Dakota - Statistics

General Stats
  • This quiz has been taken 35 times
  • The average score is 15 of 20
Answer Stats
Question Answer % Correct
Who are the four U.S. Presidents on Mount Rushmore? Abraham Lincoln
100%
Who are the four U.S. Presidents on Mount Rushmore? George Washington
100%
Who are the four U.S. Presidents on Mount Rushmore? Theodore Roosevelt
100%
Who are the four U.S. Presidents on Mount Rushmore? Thomas Jefferson
100%
What is the state capital of South Dakota? Pierre
96%
What mountain range is home to the above and had a gold rush in the 1870s? {Black} Hills
92%
What unfinished sculpture is located to the west of Mount Rushmore? Crazy {Horse}
88%
What river flows through the center of South Dakota? Missouri River
88%
South Dakota borders six states. Which one of them is the largest by area? Montana
88%
What is the largest city in South Dakota? Sioux Falls
88%
What is South Dakota's third-largest city? (hint: named for a city in Scotland) Aberdeen
76%
What is the largest city in western South Dakota? Rapid City
76%
What two national parks are located in South Dakota? Badlands
72%
What two national parks are located in South Dakota? {Wind} Cave
68%
What type of palace is found in Mitchell? {Corn} Palace
64%
What mining town is the namesake for an HBO series? Deadwood
60%
In what Indian reservation did the Wounded Knee Massacre take place? {Pine} Ridge
48%
What is South Dakota's tallest mountain peak? Black {Elk} Peak
44%
What is South Dakota's state animal? Coyote
40%
What is the largest reservoir on the above river? (starts with O) Lake {Oahe}
28%
No matching quizzes found
Score Distribution
Percent of People with Each Score
Percentile by Number Answered
Your Score History
You have not taken this quiz